000 01855nam0a22003851 4500
001 rc\3407528
005 20130115140136.8
021 _aRU
_b[73-26219]
035 _a(NLR Aleph) 007576306
090 _a5459857
_c5459857
100 _a20130115d1973 |||y0rusy50 ca
101 0 _arus
102 _aRU
105 _aa z |||||
200 1 _aРуководство к практическим занятиям по гигиене труда
_e[Для сан.-гигиен. фак. мед. ин-тов]
_fПод ред. проф. З.И. Израэльсона и проф. Н.Ю. Тарасенко
205 _a4-е изд., перераб. и доп.
210 _aМосква
_cМедицина
_d1973
215 _a480 с., 1 л. ил.
_cил.
_d20
300 _a1-й авт. 3-го изд.: М.К. Березова
300 _aЗагл. 5-го изд.: Руководство к лабораторным занятиям по гигиене труда
300 _aНа корешке загл.: Руководство по гигиене труда
300 _aВ огл. авт.: З.И. Израэльсон, Е.В. Кленова, С.С. Спасский и др.
516 0 _aРуководство по гигиене труда
517 0 _aРуководство к лабораторным занятиям по гигиене труда
606 _aГигиена труда
_jПрактические работы учащихся
_2psbo
701 1 _aКленова
_bЕ. В.
701 1 _aСпасский
_bС. С.
701 1 _aИзраэльсон
_bЗ. И.
_gЗигфрид Исидорович
_4340
702 1 _aБерезова
_bМ. К.
_4570
702 1 _aТарасенко
_bН. Ю.
_4340
801 0 _aRU
_bNLR
_gpsbo
801 1 _aRU
_bELAR
_2rusmarc
852 _aNLR
_j73-3/1400
942 _cBOOK
980 _aNB